000 00579cam a22002053a 4500
001 41352
003 PGUSA
005 20140828083930.0
008 121112s2012||||xxu|||||s|||||000 | eng d
040 _aPGUSA
_beng
042 _adc
100 1 _aMollard, John
245 1 4 _aThe Art of Cookery :
_bMade Easy and Refined
_h[electronic resource] /
_cJohn Mollard
260 _bProject Gutenberg,
_c2012
506 _aPublic domain in the USA.
516 _aElectronic text
830 0 _aProject Gutenberg
_v41352
856 4 0 _uhttp://www.gutenberg.org/ebooks/41352
942 _cEB
999 _c270604
_d270604